| 000 -ლიდერი |
| ფიქსირებული სიგრძის საკონტროლო ველი |
02257nam a22003377a 4500 |
| 003 - საკონტროლო ნომრის იდენტიფიკატორი |
| საკონტროლო ველი |
Ge_BSU |
| 005 - ბოლო ოპერაციის თარიღი და დრო |
| საკონტროლო ველი |
20250618114126.0 |
| 008 - ფიქსირებული სიგრძის მონაცემთა ელემენტები - ზოგადი ინფორმაცია |
| ფიქსირებული სიგრძის საკონტროლო ველი |
210525s2021 ge ||||| |||| 00| 0 geo d |
| 020 ## - წიგნის საერთაშორისო სტანდარტული ნომერი |
| International Standard Book Number |
9789941830112 |
| 041 ## - ენის კოდი |
| Language code of text/sound track or separate title |
geo |
| 080 ## - უნივერსალური ათობითი კლასიფიკაციის ინდექსი |
| Universal Decimal Classification number |
342(479.22) შ-52 |
| 245 ## - ცნობა სათაურის შესახებ |
| Title |
შესავალი საქართველოს საკონსტიტუციო სამართალში / |
| Statement of responsibility, etc |
ავტორები: დიმიტრი გეგენავა, თამარ პაპაშვილი, ქეთევან ვარდოსანიძე [და სხვ.]; დიმიტრი გეგენავას და გიორგი გორაძის რედაქტორობით. |
| 250 ## - გამოცემის ცნობა |
| Edition statement |
მე-2 გამოცემა |
| 264 ## - წარმოების, გამოცემის, დისტრიბუციის და სხვა ცნობები |
| გამოცემის, წარმოების, დისტრიბუციის... ადგილი |
თბილისი : |
| გამოცემის, წარმოების, დისტრიბუციის... სახელწოდება |
სულხან-საბა ორბელიანის უნ-ტის გამ-ბა, |
| გამოცემის, წარმოების, დისტრიბუციის... თარიღი |
2021. |
| 300 ## - ფიზიკური აღწერა |
| Extent |
382 გვ.: |
| Dimensions |
23 სმ. |
| 504 ## - BIBLIOGRAPHY, ETC. NOTE |
| Bibliography, etc |
ბიბლიოგრაფია ტექსტის შენიშვნებში და გვ. 367-382. |
| 653 ## - INDEX TERM--UNCONTROLLED |
| Uncontrolled term |
სამართალი |
| 653 ## - INDEX TERM--UNCONTROLLED |
| Uncontrolled term |
საქართველოს საკონსტიტუციო სამართალი. |
| 700 ## - ADDED ENTRY--PERSONAL NAME |
| Personal name |
გეგენავა, დიმიტრი |
| 9 (RLIN) |
11889 |
| Relator term |
რედაქტორი |
| 700 ## - ADDED ENTRY--PERSONAL NAME |
| Personal name |
გორაძე, გიორგი |
| Relator term |
ავტორი, რედაქტორი |
| 9 (RLIN) |
2809 |
| 700 ## - ADDED ENTRY--PERSONAL NAME |
| Personal name |
პაპაშვილი, თამარ |
| 9 (RLIN) |
9615 |
| Relator term |
ავტორი |
| 700 ## - ADDED ENTRY--PERSONAL NAME |
| Personal name |
ვარდოსანიძე, ქეთევან |
| 9 (RLIN) |
9616 |
| Relator term |
ავტორი |
| 700 ## - ADDED ENTRY--PERSONAL NAME |
| Personal name |
ბრეგაძე, რატი |
| Relator term |
ავტორი |
| 9 (RLIN) |
9617 |
| 700 ## - ADDED ENTRY--PERSONAL NAME |
| Personal name |
თევზაძე, თენგიზ |
| Relator term |
ავტორი |
| 9 (RLIN) |
9618 |
| 700 ## - ADDED ENTRY--PERSONAL NAME |
| Personal name |
ცანავა, ლანა |
| Relator term |
ავტორი |
| 9 (RLIN) |
7638 |
| 700 ## - ADDED ENTRY--PERSONAL NAME |
| Personal name |
ჯავახიშვილი, პაატა |
| Relator term |
ავტორი |
| 9 (RLIN) |
7899 |
| 700 ## - ADDED ENTRY--PERSONAL NAME |
| Personal name |
მაჭარაძე, ზურაბ |
| Relator term |
ავტორი |
| 9 (RLIN) |
8184 |
| 700 ## - ADDED ENTRY--PERSONAL NAME |
| Personal name |
სიორიძე, გიორგი |
| Relator term |
ავტორი |
| 9 (RLIN) |
9619 |
| 700 ## - ADDED ENTRY--PERSONAL NAME |
| Personal name |
ლოლაძე, ბესიკ |
| Relator term |
ავტორი |
| 9 (RLIN) |
25453 |
| 942 ## - ADDED ENTRY ELEMENTS (KOHA) |
| Source of classification or shelving scheme |
|
| Koha item type |
წიგნი |